Lawlinks (Record no. 120887)

MARC details
000 -LEADER
fixed length control field 00577cai a22001815a 4500
001 - CONTROL NUMBER
control field E151580
008 - FIXED-LENGTH DATA ELEMENTS--GENERAL INFORMATION
fixed length control field 101122u xxk g 000 0 eng d
035 ## - SYSTEM CONTROL NUMBER
System control number (Sirsi) u151580
041 0# - LANGUAGE CODE
Language code of text/sound track or separate title eng
110 2# - MAIN ENTRY--CORPORATE NAME
Corporate name or jurisdiction name as entry element University of Kent
9 (RLIN) 5900
245 00 - TITLE STATEMENT
Title Lawlinks
Medium [electronic resource]
520 ## - SUMMARY, ETC.
Summary, etc. A portal to various internet-based legal resources. Can be browsed by topic or jurisdiction.
590 ## - LOCAL NOTE (RLIN)
Local note KA
651 #4 - SUBJECT ADDED ENTRY--GEOGRAPHIC NAME
Geographic name International
690 ## - LOCAL SUBJECT ADDED ENTRY--TOPICAL TERM (OCLC, RLIN)
Topical term or geographic name as entry element PROPERTY
856 40 - ELECTRONIC LOCATION AND ACCESS
Uniform Resource Identifier <a href="https://www.kent.ac.uk/lawlinks/">https://www.kent.ac.uk/lawlinks/</a>
Public note View the website free of charge at www.kent.ac.uk/lawlinks
942 ## - ADDED ENTRY ELEMENTS (KOHA)
Suppress in OPAC 0
Holdings
Withdrawn status Lost status Source of classification or shelving scheme Damaged status Not for loan Home library Current library Shelving location Date acquired Total Checkouts Full call number Barcode Date last seen Copy number Price effective from Koha item type
    Dewey Decimal Classification     Virtual Virtual Online 22/11/2010   WEBSITE 151580-2001 06/08/2019 1 06/08/2019 Online material